000 00447nam a22001817a 4500
003 MPLRDC
005 20220104160324.0
008 210129b ||||| |||| 00| 0 eng d
020 _a7-301-00863-5
082 _a976.012 LCY
100 _a林长瑛
245 _a舞蹈基本功与技巧
_c
250 _a二版一刷
260 _a中国
_b北京大学出版社
_c2001
300 _b
650 _a舞蹈技术
942 _cBK
_o976.012 LCY
999 _c54918
_d54908